Most Frequent Words in Doctor Who titles - Statistics

General Stats
  • This quiz has been taken 96 times
  • The average score is 19 of 38
Answer Stats
No# Word % Correct
256 the
100%
5 a
97%
3 Dalek
96%
10 Doctor
89%
5 Cybermen
88%
105 of
86%
10 and
78%
16 time
77%
12 planet
72%
13 in
70%
4 day
68%
7 space
55%
5 Earth
54%
6 war
54%
16 Daleks
51%
7 death
51%
4 world
49%
4 end
47%
6 to
47%
3 on
46%
3 night
45%
6 who
45%
3 dead
43%
6 terror
42%
7 invasion
41%
3 angels
39%
3 girl
34%
3 from
31%
4 evil
28%
3 Doctors
27%
4 power
27%
3 blood
26%
3 fear
26%
3 Mars
23%
3 Christmas
22%
3 deep
20%
3 three
19%
3 curse
15%
No matching quizzes found
Score Distribution
Percent of People with Each Score
Percentile by Number Answered
Your Score History
You have not taken this quiz